[Event "RUS-Cup9"]
[Site "Novgorod"]
[Date "1997.??.??"]
[Round "8"]
[White "Kharitonov, Andrei Y"]
[Black "Tregubov, Pavel V"]
[Result "1-0"]
[WhiteElo "2520"]
[BlackElo "2525"]
[Annotator "Tsesarsky,I"]
[PlyCount "73"]
[EventDate "1997.06.11"]
[EventType "swiss"]
[EventRounds "9"]
[EventCountry "RUS"]
[SourceTitle "CBM 060"]
[Source "ChessBase"]
[SourceDate "1997.09.29"]
[SourceVersion "1"]
[SourceVersionDate "1997.09.29"]
[SourceQuality "1"]

1. d4 d5 2. c4 c6 3. Nf3 e6 4. e3 Bd6 5. Bd3 f5 6. O-O Nf6 7. b3 Qe7 8. Bb2 O-O
9. Ne5 (9. Qc1 b6 (9... Bd7 10. Ba3 Be8 11. Bxd6 Qxd6 12. Qa3 Qd8 13. Nbd2 Ne4
14. Bxe4 fxe4 15. Ne5 $14 {1/2-1/2 Kharitonov,A-Neverov,V/Kstovo op 1994 (77)})
(9... g5 10. Ba3 (10. Nxg5 $5 Bxh2+ 11. Kxh2 Ng4+ 12. Kg1 Qxg5 13. Be2 Nd7 (
13... Qh4 14. Bxg4 fxg4 15. e4 $1 $14) 14. Nd2 $14) 10... g4 11. Bxd6 Qxd6 12.
Ne5 Nbd7 13. Qb2 Qc7 (13... b6) 14. Nxd7 Bxd7 15. Nc3 $14 {1/2-1/2 Kharitonov,
A-Kobalija,M/ch-RUS KO, Elista RUS 1997 (29)}) (9... Ne4 10. Ba3 Bxa3 11. Qxa3
Qxa3 12. Nxa3 Bd7 13. Ne5 Be8 14. f4 (14. f3 Nd6 15. Nc2 Nd7 16. c5 Nf7 17.
Nxd7 Bxd7 18. f4 $14 {1/2-1/2 Ryskin,A-Guliev,S/Azov 1995 (24)}) 14... Nd6 15.
Nc2 Nd7 16. c5 Ne4 17. b4 Ndf6 18. a4 $14 {1/2-1/2 Kharitonov,A-Guliev,S/
Moscow5 1995 (50)}) 10. Ba3 Bb7 (10... c5 11. Nc3 Ba6 12. Rd1 dxc4 13. Bxc4
Bxc4 14. bxc4 Nbd7 15. Nb5 Ne4 (15... Bb8 $5) 16. Nxd6 Nxd6 17. dxc5 Nxc5 $11 {
1/2-1/2 Utemov,V-Zarubin,P/Moscow op Russian Winter 1991 (41)}) 11. cxd5 (11.
Bxd6 Qxd6 12. cxd5 cxd5 13. Qa3 Qxa3 14. Nxa3 a6 15. Rfc1 Nc6 $14 {1/2-1/2
Utemov,V-Kramnik,V/Moscow4 1991}) 11... Nxd5 12. Bxd6 Qxd6 13. Qa3 $14 {
1-0 Kharitonov,A-Savon,V/Moscow1 1995 (75)}) (9. Nc3 $5 Ne4 (9... b6 10. Qc2
Bb7 $6 11. cxd5 cxd5 12. Nb5 Rc8 13. Qe2 $16) 10. Ne2 Nd7 (10... Bd7 11. Ne5
Be8 12. f3 Nf6 13. Rc1 Nbd7 14. Bb1 {/\ Nf4-d3+/=}) 11. Qc2 $5 $14 {1-0
Kiselev,S-Tregubov,P/RUS-ch Elista 1994 (35)}) (9. Qc2 Bd7 (9... Nbd7 10. Ne5
$14) 10. Ne5 Be8 11. f3 $14 {0-1 Lindstedt,J-Kramnik,V/Maringa 1991 (42)}) 9...
b6 (9... Bd7 10. Qc1 (10. Nd2 Be8 11. f3 Bh5 (11... Nbd7 12. c5 $6 (12. Qc2 $1
$14) 12... Bxe5 13. dxe5 Nh5 14. g4 (14. b4 f4 $1 $132) 14... Qg5 (14... Nxc5
15. Ba3 (15. Be2 Qg5 16. f4 Qg6 17. Ba3 b6 18. Rc1 fxg4 19. Bxg4 Nd3 20. Rc3 c5
21. Kh1 Nb4 22. Bxb4 cxb4 23. Rc7 Qh6 24. Rg1 Rf7 $132) 15... b6 16. Qe2 Qg5
17. Kh1 fxg4 18. fxg4 Qxe5 19. Bxc5 bxc5 20. Nf3 Qd6 21. gxh5 Bxh5 $44) 15. f4
Qxg4+ 16. Qxg4 fxg4 17. Be2 g5 18. Bxg4 Ng7 19. fxg5 Rxf1+ 20. Rxf1 Nxc5 21.
Ba3 Nd7 $11 {1/2-1/2 Izeta,F-Neverov,V/Candas op 1992 (60)}) 12. Qc2 Nbd7 13.
c5 Bc7 14. b4 Nxe5 15. dxe5 Nd7 16. f4 g5 17. Nb3 Rf7 18. Nd4 Nf8 19. a4 $14 {
1-0 Izeta,F-Spitzer,R/Sevilla op 1990 (39)}) 10... Rc8 $6 (10... Be8 11. Ba3
Bxa3 12. Nxa3 $5 $14) 11. Nd2 Ne4 (11... Be8 $2 12. cxd5) (11... Na6 12. a3 c5
13. Qd1 $14) (11... c5 12. dxc5 $14) 12. f3 Nxd2 13. Qxd2 Be8 14. cxd5 $5 (14.
e4 Bxe5 15. dxe5 fxe4 16. fxe4 d4 $5 (16... dxc4 $6 17. Bxc4 b5 18. Be2 {/\ Qd6
} Rd8 19. Qf4 {/\ Rad1-d6+/-}) 17. Bxd4 $16 {1/2-1/2 Kharitonov,A-Tregubov,P/
Alusta 1994 (34)}) 14... cxd5 15. e4 fxe4 16. fxe4 Nc6 17. exd5 exd5 18. Qf4
$14) (9... Ng4 $2 10. Nd2 $2 (10. Nxg4 $1 fxg4 11. Qxg4 e5 12. Qh5 e4 (12... g6
13. Bxg6 e4 (13... hxg6 14. Qxg6+ Kh8 (14... Qg7 15. Qxd6 Bh3 16. g3 Bxf1 17.
Kxf1 $18) 15. dxe5 $18) 14. Nc3 Rf6 (14... Qg7 15. Qxh7+ Qxh7 16. Bxh7+ Kxh7
17. cxd5 cxd5 18. Nxd5 $16) 15. Be8 Kf8 16. Bxc6 bxc6 17. cxd5 $16) 13. Be2 Rf5
14. Qh3 Rf8 (14... Na6 15. Bg4 $16) 15. Bg4 $16) 10... Nxe5 11. dxe5 Bc7 12.
Qc2 (12. f4 $5) 12... c5 13. cxd5 exd5 14. Rac1 b6 15. f4 Nc6 16. a3 $11 {
1/2-1/2 Sadler,M-Crouch,C/London Lloyds 1994 (18)}) (9... Nbd7 10. f3 (10. f4
$5 $14) 10... c5 11. Nd2 b6 12. Qe2 Bb7 $11 {1/2-1/2 Bogdanovski,V-Guliev,S/
EuT-ch, Pula CRO 1997 (25)}) 10. Nd2 Bb7 11. Rc1 Ne4 12. Qe2 c5 (12... Nd7 13.
Nxd7 Qxd7 14. Nf3 $14) 13. Rfd1 $14 Nc6 14. Ndf3 $1 Nxe5 (14... Rac8 15. Nxc6
Bxc6 16. Ne5 Bb7 17. f3 (17. cxd5 exd5 (17... cxd4 18. Nc6 Bxc6 19. dxc6 dxe3
20. Qxe3 (20. fxe3 Nc5 21. Bb5 Qc7 22. Qh5 a6 23. Be2 Qxc6 24. Bxa6 Ra8 25. Bc4
Rxa2 26. Bxe6+ Kh8 $132) 20... Bc5 21. Bd4 Rxc6 22. Bxe4 Bxd4 23. Qxd4 Rxc1 24.
Rxc1 Rd8 25. Qe5 fxe4 26. Qxe4 $14) 18. f3 Ng5 19. Qd2 Ne6 $132) 17... Nf6 18.
cxd5 Nxd5 19. Nc4 Bc7 20. Ba3 $14) 15. Nxe5 cxd4 16. Bxd4 $6 (16. exd4 $14)
16... Nc5 $11 (16... Rad8 $11) 17. Bb1 Rac8 18. Bb2 Rfd8 (18... Qc7 19. f4 $14)
19. cxd5 Bxd5 20. Qh5 (20. b4 Ne4 $11) (20. Bxf5 $2 Bxe5 21. Bxh7+ Kxh7 22.
Qh5+ Kg8 23. Bxe5 $19) 20... Bxe5 $6 (20... Ne4 21. Rxc8 Rxc8 22. Bxe4 fxe4 $11
(22... Bxe4 23. Rxd6 $1 Qxd6 (23... Bf3 24. Nxf3 Qxd6 25. Ng5 $18) 24. Qf7+ Kh8
25. Ng6+ hxg6 26. Qxg7#)) 21. Bxe5 $14 Be4 22. Rxd8+ Rxd8 23. Bxe4 fxe4 $2 (
23... Nxe4 $1 24. Qe2 (24. Rc7 Rd7 (24... Nf6 25. Rxe7 Nxh5 26. g3 $16) 25.
Rc8+ Rd8 $11) 24... Rd2 25. Rc8+ Rd8 (25... Kf7 26. Qh5+ $18) 26. Qc2 Qd7 27.
Rxd8+ Qxd8 28. f3 $14) 24. Bg3 $16 {[%csl Re4,Re6]} Rd5 25. Qe2 Qd7 26. h3 Rd2
27. Qg4 Qf7 $2 (27... Rxa2 28. b4 $1 (28. Rd1 Rd2 29. Rxd2 Qxd2 30. Be5 Qd7 31.
b4 Nd3 32. Qxe4 Nxe5 33. Qxe5 Kf7 $14) 28... Nd3 29. Rc4 $16) 28. b4 $18 h5 (
28... Nd7 29. Qxe4 (29. Rc8+ Nf8 30. Rc7 Qf6 31. Rxa7 Qa1+ 32. Kh2 Rxa2 33. Rb7
$18) 29... Rxa2 30. Rc8+ Nf8 31. Bd6 Qxf2+ 32. Kh2 $18) (28... Nb7 29. Qxe4 $18
) 29. Qh4 Nd3 30. Rc8+ Kh7 31. Qxe4+ Qf5 32. Qa8 $1 (32. Qxf5+ exf5 33. a3 $16)
32... Ne5 (32... Rxa2 33. Rh8+ Kg6 34. Rf8 $1 $18) 33. Bxe5 (33. Rh8+ Kg6 34.
Rf8 Nf7 35. Qxa7 $18) 33... Rd1+ 34. Kh2 Qxe5+ 35. f4 Qf6 (35... Qb5 36. Rh8+
Kg6 37. Qg8 Qf5 38. Qh7+ Kf7 39. Qxh5+ $18) 36. Rh8+ Kg6 37. Rf8 1-0

[Event "Presidents Cup "]
[Site "Elista"]
[Date "1998.05.08"]
[Round "1.2"]
[White "Georgiev, Kiril"]
[Black "Sveshnikov, Evgeny"]
[Result "1-0"]
[WhiteElo "2675"]
[BlackElo "2595"]
[Annotator "Tsesarsky,I"]
[PlyCount "75"]
[EventDate "1998.05.07"]
[EventType "k.o."]
[EventRounds "6"]
[EventCountry "RUS"]
[SourceTitle "CBM 065"]
[Source "ChessBase"]
[SourceDate "1998.08.06"]
[SourceVersion "1"]
[SourceVersionDate "1998.08.06"]
[SourceQuality "1"]

1. d4 d5 2. c4 e6 3. Nc3 c6 4. e3 Bd6 5. Qc2 f5 6. Bd3 Nf6 (6... g6 7. f3 $6
Nf6 (7... Qh4+ 8. Qf2 Qxf2+ 9. Kxf2 Nf6 $11) 8. Nge2 O-O 9. O-O Kg7 10. Bd2 Qc7
$14 {Goehler,A-Siepenkoetter,A/DBL 1996/0-1 (41)}) (6... Nh6 7. Nge2 O-O 8. f3
Nd7 9. O-O Kh8 10. b3 dxc4 11. bxc4 e5 12. g3 (12. Rb1 $132) 12... Nf6 $132 {
0-1 Marzolo,C-Apicella,M/FrTCh, Montpellier FRA 1998 (24)}) 7. f4 (7. cxd5 cxd5
8. Nb5 Nc6 9. Nxd6+ Qxd6 10. a3 Bd7 11. Nf3 Rc8 12. Qe2 O-O 13. Bd2 Be8 14. Qd1
Bh5 15. Be2 Ne4 16. O-O Rc7 $11 {Crouch,C-Sveshnikov,E/Erevan op 1996/1-0 (42)}
) 7... O-O 8. Nf3 Ne4 (8... b6 9. O-O Ba6 10. b3 Nbd7 11. Bb2 Rc8 12. Rac1 Qe7
$4 (12... c5 13. cxd5 Bxd3 14. Qxd3 Nxd5 (14... exd5 15. Qxf5 $18) 15. Nxd5
exd5 16. dxc5 $16) (12... Qe8 $14) 13. c5 $18) 9. O-O Nd7 10. c5 Bc7 11. Bd2
Nxd2 (11... b6 12. b4 Nxd2 (12... Rb8 13. Be1 $14) 13. Qxd2 $14) 12. Qxd2 Nf6
13. b4 Bd7 14. Ne5 Qe7 (14... Be8 15. a4 a6 16. Rab1 Bh5 17. h3 Ne4 18. Nxe4
fxe4 19. Be2 $14) 15. b5 cxb5 16. Nxd7 Qxd7 17. Nxb5 Rfc8 $6 (17... Ne4 18. Qb4
Bd8 (18... b6 19. c6 $16) 19. Rfc1 $14) 18. Rab1 $16 Ne8 $6 (18... Bb8 $16) 19.
Nxc7 $1 Rxc7 20. Rb5 Nf6 (20... Rac8 21. Rfb1 h6 22. Ra5 Ra8 $16) 21. Rfb1 Rf8
22. Ra5 $1 a6 $6 {[%csl Rb6]} (22... Ra8 $16) 23. Ra3 h6 24. Rab3 Rf7 25. Rb6
g5 $2 $18 (25... Ne4 26. Qb4 Nf6 27. Rd6 Qe8 28. Qb6 (28. Qa5 Rfd7 29. Bc2 (29.
Rbb6 Rxd6 30. Rxd6 Qc8 31. h3 $16) 29... Qf7 30. Ba4 Re7 31. Rd8+ Kh7 32. Rb8
Qh5 33. Bd1 Qh4 34. g3 Qh3 35. Rb3 Ne4 36. Bf3 Nd6 37. Bg2 Qg4 38. Qe1 Nc4 39.
h3 Qh5 $16) 28... Rfe7 29. Bc2) 26. Rd6 Qc8 (26... Qe8 27. Rbb6 Rfe7 (27...
Rce7 28. fxg5 hxg5 29. Bxf5 exf5 30. Rxf6 Rxe3 31. Rg6+ Rg7 32. Rxg7+ Kxg7 33.
Rxb7+ Kh8 34. c6 $18) 28. Bxf5 (28. fxg5 Nd7 $1 29. Rb1 hxg5 30. Qf2 $16 (30.
e4 $2 fxe4 31. Qxg5+ Rg7 32. Qe3 exd3 33. Rxe6 Qh5 34. Qxd3 Qg4 $15)) 28...
exf5 29. Rxf6 Rxe3 30. Rg6+ Rg7 31. Rxg7+ Kxg7 32. Rxb7+ Kh8 33. fxg5 hxg5 34.
c6 (34. Rb3 f4 35. Rxe3 fxe3 36. Qe2 Kg7 $14) 34... Re1+ (34... Qxc6 35. Qxe3
Qxb7 36. Qe5+ Kg8 37. Qxf5 $18) 35. Kf2 Qxc6 36. Rb8+ Re8 37. Rxe8+ Qxe8 38.
Qxg5 $18) 27. fxg5 hxg5 28. e4 $1 f4 (28... fxe4 29. Qxg5+ Kf8 30. Be2 Rxc5 $5
31. Bh5 $1 (31. dxc5 Qxc5+ 32. Kh1 Qxd6 $19) 31... Rcc7 32. Rf1 $18) 29. exd5 (
29. e5 Ne4 30. Bxe4 dxe4 31. Qc2 f3 (31... e3 32. Qg6+ Rg7 33. Qf6 $2 (33.
Qxe6+ Qxe6 34. Rxe6 g4 35. Re1 Rgd7 36. Rd6 Rxd6 37. exd6 Rf7 38. g3 Kf8 39. d5
Ke8 40. c6 Kd8 41. gxf4 bxc6 42. dxc6 Rf6 43. c7+ Kc8 (43... Kd7 44. Rc1 Rf8
45. Kf1 $18) 44. Rd1 Kd7 45. Rc1 Rf8 46. Kf1 $18) 33... Rce7 34. Rbb6 Qe8 35.
Qh6 (35. Rxe6 Qa4 $19) 35... e2 36. Kf2 Rg6 37. Qh5 f3 $16) 32. Qxe4 f2+ 33.
Kf1 Rf5 34. Rb2 $18 (34. Rbb6 $18)) 29... exd5 (29... Nxd5 30. Re1 Ne3 31. Rxe3
fxe3 32. Qxe3 $18) 30. Re1 Rc6 (30... Qg4 31. Re5 Qh4 32. g3 $18) 31. Re5 Rxc5
(31... Rg7 32. Bf5 Qf8 33. Rde6 (33. Rxc6 bxc6 34. Qd3 Re7 35. Be6+ Kh8 36.
Qxa6 Qb8 37. Qc8+ Qxc8 38. Bxc8 Ra7 39. Rxg5 Rxa2 40. Rf5 Ne4 41. Rxf4 Rd2 42.
Bd7 Rd1+ 43. Rf1 Rxd4 44. Bxc6 Nxc5 $16) 33... Rcc7 (33... Rxe6 34. Bxe6+ Kh8
35. Bxd5 $18) 34. Qe2 $18) 32. Rxg5+ Kf8 33. Qb4 $1 Rc1+ 34. Kf2 Rc2+ 35. Kf3
Ke8 36. Re5+ Re7 37. Rxe7+ Kxe7 38. Rc6+ 1-0

[Event "RUS-Cup01 Chigorin Memorial"]
[Site "St Petersburg"]
[Date "1997.11.01"]
[Round "1"]
[White "Boukh, Boris"]
[Black "Volkov, Sergey"]
[Result "0-1"]
[WhiteElo "2325"]
[BlackElo "2535"]
[Annotator "Tsesarsky,I"]
[PlyCount "50"]
[EventDate "1997.11.01"]
[EventType "swiss"]
[EventRounds "9"]
[EventCountry "RUS"]
[SourceTitle "CBM 062"]
[Source "ChessBase"]
[SourceDate "1998.01.31"]
[SourceVersion "1"]
[SourceVersionDate "1998.01.31"]
[SourceQuality "1"]

1. d4 d5 2. c4 e6 3. Nf3 c6 4. e3 Bd6 5. Nc3 f5 6. Be2 (6. h3 Nf6 (6... Ne7 7.
g4 O-O 8. Bd3 Nd7 9. gxf5 Nxf5 10. h4 Qf6 11. Be2 Bb4 12. Qb3 a5 $17 {..., 73
1/2-1/2 Sokolovs,A-Bezold,M/BL2-S 1996 (43)}) 7. g4 fxg4 8. hxg4 Nxg4 9. Bd3
Qf6 10. Rh4 h5 11. Be2 Bb4 12. Qd3 b6 13. Bd2 Ba6 14. b3 Nd7 (14... g5 15. Rh1
(15. Rh3 Nxf2 $19) 15... c5 16. e4 dxc4 17. bxc4 cxd4 18. Qxd4 e5 19. Qd3 Nc6
20. Bxg5 Qf7 $17) 15. e4 dxc4 16. bxc4 e5 $17 {0-1 Kempinski,R-Vaisser,A/
Cappelle op 1994/TD 94\02 (29)}) (6. Bd2 Nf6 7. Rb1 O-O 8. b4 Nbd7 9. c5 Bc7
10. b5 Ne4 11. bxc6 bxc6 12. Qa4 Nxd2 13. Kxd2 Nf6 14. Kc2 (14. Qxc6 Bd7 15.
Qa6 Ne4+ 16. Kc2 (16. Nxe4 fxe4 17. Ng1 Rxf2+ $17) 16... Nxf2 $17) 14... Ne4
15. Nd1 Qe8 16. Ba6 f4 17. Bd3 e5 18. Bxe4 dxe4 19. Nxe5 Bxe5 20. dxe5 fxe3 21.
fxe3 Qxe5 22. Qd4 Qg5 $17 {0-1 Kozul,Z-Tregubov/Ljubljana op 1994 (29)}) (6.
Qc2 Nh6 7. Bd3 O-O 8. Bd2 Nd7 9. cxd5 (9. O-O-O $5 $132) 9... exd5 10. h3 Nf6
11. O-O-O Ne4 12. Be1 $132 {1-0 Burmakin,V-Kennaugh,C/Harkany op 1993 (40)})
6... Nd7 (6... Nh6 7. c5 Bc7 8. b4 O-O 9. Bb2 Nd7 10. a4 Nf6 11. Qc2 Ne4 $11 {
0-1 Burn,A-Showalter,J/cable USA-GBR 1896 (66)}) 7. O-O (7. Qc2 Qf6 8. Bd2 Ne7
9. O-O-O a6 10. Ne1 (10. h3 $5) 10... dxc4 $6 (10... O-O) 11. Bxc4 b5 (11... e5
12. Nf3 e4 13. Ng1 $11) 12. Be2 Bb7 (12... e5 13. dxe5 Nxe5 14. e4 $16) 13. e4
$5 $16 {1-0 Ionescu,C-Weyrich,M/Budapest Spring op 1990 (32)}) (7. Bd2 Ngf6 8.
Rc1 Ne4 9. O-O O-O 10. cxd5 exd5 11. Re1 Rf6 12. Qc2 Rh6 13. g3 Qe7 14. Bf1
Ndf6 15. Re2 Bd7 16. Bg2 $132 (16. Nh4 Qf7 (16... Rxh4 $5 17. gxh4 Bxh2+ 18.
Kxh2 Ng4+ 19. Kg1 (19. Kh3 Ngxf2+ 20. Kg2 Qxh4 21. Nxe4 Nxe4 22. Be1 Qg4+ 23.
Kh2 f4 $40) 19... Qxh4 20. Bg2 Nexf2 21. Nd1 Qh2+ 22. Kf1 Nxd1 23. Rxd1 Qg3 24.
Bc1 Nh2+ 25. Kg1 Nf3+ 26. Kf1 Nh2+ $11) 17. f3 Nxd2 18. Rxd2 f4 $1 $17 (18...
Qh5 19. Rf2 f4 20. exf4 $132 {0-1 Lindner,B-Kick Woerthmueller,I/Prutting 1991
(79)}))) 7... Qe7 (7... Qf6 $6 8. Ne1 Qh6 9. g3 g5 10. f3 Ne7 11. e4 f4 12. e5
$16 {0-1 Burn,A-Tarrasch,S/Wien 1898/HCL 06 (30)}) (7... Ngf6 $5) 8. Bd2 Ngf6
9. a3 $6 (9. Rb1 $1 O-O 10. b4 a6 (10... Bxb4 11. Nxd5 Nxd5 12. cxd5 Bxd2 13.
dxc6 $1 $14) 11. a4 Ne4 (11... Bxb4 12. Nxd5 $1 $14) 12. b5 axb5 13. axb5 Ndf6
14. bxc6 (14. c5 Bb8 15. bxc6 bxc6 16. Qc2 $132 (16. Rb6 Bc7 17. Rxc6 Bb7 $15))
14... bxc6 15. Ne5 c5 16. cxd5 exd5 17. f4 $132) 9... O-O 10. b4 a6 11. Qb3 Ne4
12. c5 $2 (12. Rfc1 f4 13. exf4 (13. Nxe4 dxe4 14. Ne1 f3 $19) 13... Nxd2 14.
Nxd2 Bxf4 15. Rd1 Bxh2+ 16. Kxh2 Qh4+ 17. Kg1 Qxf2+ 18. Kh1 Qh4+ 19. Kg1 Qxd4+
20. Kh2 Rf6 $19) (12. Rfd1 $1 f4 13. exf4 Nxd2 14. Rxd2 Bxf4 15. Rc2 $14) 12...
Bc7 $17 13. a4 (13. Rfd1 e5 14. Be1 Nxc3 15. Bxc3 e4 16. Nd2 (16. Ne5 Nxe5 17.
dxe5 Bxe5 $17) 16... f4 $17) 13... e5 14. Rfe1 $6 (14. Rfb1 exd4 15. Nxe4 dxe3
$1 $19) (14. Rfd1 exd4 15. Nxd4 a5 $17) 14... Qf6 (14... Nxc3 15. Bxc3 e4 16.
Nd2 f4 $17) 15. Red1 (15. Bc1 Nxc3 16. Qxc3 e4 17. Nd2 f4 18. Bg4 f3 19. gxf3
exf3 $17) 15... Kh8 16. dxe5 $6 Nxe5 17. Nxe5 $4 (17. Nd4 a5 $17 (17... Qh4 18.
g3 Qh6 19. f4 $11)) 17... Bxe5 $19 18. Rac1 Bxh2+ 19. Kf1 (19. Kxh2 Qh4+ 20.
Kg1 Qxf2+ 21. Kh2 Rf6 $19) 19... Be6 (19... Qh4 20. Be1 Bg3 21. Bf3 Bxf2 $19)
20. Qc2 Qh4 21. Be1 a5 (21... Be5 22. Bf3 Qh1+ 23. Ke2 Ng5 $19) 22. Na2 (22.
bxa5 Bc7 23. Bf3 Bxa5 $19) 22... f4 23. Bf3 Ng5 24. Ke2 Nxf3 25. gxf3 fxe3 0-1

[Event "Goodricke op 12th"]
[Site "Kolkata"]
[Date "2001.02.12"]
[Round "7"]
[White "Barsov, Alexei"]
[Black "Sharma, Dinesh Kumar"]
[Result "1-0"]
[WhiteElo "2500"]
[BlackElo "2353"]
[Annotator "Tyomkin,D"]
[PlyCount "97"]
[EventDate "2001.02.06"]
[EventType "swiss"]
[EventRounds "11"]
[EventCountry "IND"]
[SourceTitle "CBM 082"]
[Source "ChessBase"]
[SourceDate "2001.05.17"]
[SourceVersion "1"]
[SourceVersionDate "2001.05.17"]
[SourceQuality "1"]

1. d4 d5 2. c4 e6 3. Nf3 c6 4. e3 f5 5. Bd3 Nf6 6. O-O Bd6 7. b3 O-O (7... Qe7
$142 {-games.}) 8. Ba3 Bxa3 (8... Ne4 9. Bxd6 Qxd6 10. Ne1 $146 {1-0 Pelletier,
Y-Blecken,V/Germany 2001/CBM 82_01 (27)}) 9. Nxa3 Qe7 (9... Ne4 10. Qc1 {
This move is useful in many cases: protection of Na3, helping to advance pawns
on the queenside, moving the queen out of Ne4-c3, and ever it adds more
control over f4 square.} (10. b4 {Tyomkin,D} Qe7 {[%cal Ye7a3]}) 10... Nd7 (
10... a5 $5 {Tyomkin,D}) 11. b4 a6 12. Nc2 Rf6 13. a4 Rh6 14. b5 $14 {1-0
Vaganian,R-Lodhi,M/Istanbul 2000/EXT 2001/[Tyomkin,D] (40) White is clearly
faster on the queenside, than black in his attack.}) 10. Qc1 {[%cal Gc1b2]} (
10. Nc2 Ne4 11. Nd2 Nd7 12. f3 Nxd2 13. Qxd2 Nf6 14. Rae1 Bd7 15. Qb4 (15. e4
fxe4 16. fxe4 dxe4 17. Bxe4 Nxe4 18. Rxf8+ Rxf8 19. Rxe4 $14) 15... Qxb4 16.
Nxb4 a5 17. Nc2 $14 {1/2-1/2 Hoang Than Trang-Farago,S/Budapest 1998/EXT 99 
(74)}) 10... Ne4 (10... b6 11. cxd5 cxd5 12. Nb5 a6 13. Qa3 $6 (13. Qc7 $1 Qxc7
14. Nxc7 Ra7 15. Rfc1 $16 {[%cal Gf3e5]}) 13... Qxa3 14. Nxa3 Nc6 15. Rfc1 Bb7
$11 {1/2-1/2 Schlosser,P-Slobodjan,R/Montpellier 1993/EXT 97 (47)}) 11. Qb2
$146 {This is, actually, different order of moves of the same plan- white
needs Qb2 and Nc2 as well, to advance a2-a4.} (11. Nc2 Nd7 12. Qa3 (12. Nce1 a5
13. Be2 Qd6 14. c5 Qc7 {1/2-1/2 Halasz,T-Bagirov,V/Recklinghausen GER 1999 (14)
}) 12... Qf6 (12... Qxa3 $5 13. Nxa3 b6 14. b4 a5 $13) 13. Qb2 Ng5 14. Nxg5
Qxg5 15. Ne1 Qe7 16. f4 b6 17. Nf3 Bb7 18. b4 $14 {1/2-1/2 Bukal,V-Klaric,Z/
Makarska Tucepi 1995/EXT 97 (66)}) 11... Nd7 12. b4 b6 13. Nc2 a5 14. a4 $5 {
Unusual reaction on black's a7-a5.} (14. b5 c5 $11) (14. c5 $5 bxc5 (14... b5
$6 15. a4 $1) 15. bxc5 e5 $5 {and black doesn't suffer so much.}) (14. Rfc1 {
looks the most logical move.}) 14... axb4 15. Nxb4 Bb7 16. Rfc1 c5 17. dxc5
Nexc5 18. cxd5 Nxd3 19. Nxd3 Bxd5 20. Nfe5 Nxe5 21. Qxe5 {White has some edge
because of the vulnerable pawn structure of black- e6 and f5 pawns.} Rfc8 22.
Nf4 Qd7 (22... Bc4 23. a5 bxa5 (23... Rc5 $140 24. axb6 $1 Rxe5 (24... Rxa1 25.
Qxa1 $18) 25. Rxa8+ Kf7 26. Ra7 $18) 24. Rxa5 Rxa5 25. Qxa5 $14 {/= This
position is semilar to the game.}) 23. h4 Bc4 24. a5 bxa5 25. Rxa5 Rxa5 26.
Qxa5 h6 $2 {[%csl Rg6][%mdl 16384] Giving up g6 point.} (26... Ba6 $142 {
following the same defensive strategy.}) 27. Qe5 $16 Ba6 28. Rb1 Bc4 29. Rb6
Kf7 30. h5 Qe7 31. Ng6 (31. e4 $1 fxe4 (31... Rc5 32. Qb8 {[%cal Gb6b7]}) 32.
Qxe4 $16 {[%csl Re6,Rf7][%cal Ge4g6] White wins e6 pawn here.}) 31... Qd7 32.
Rd6 Qa7 33. Qb2 $2 {[%mdl 8192] White missed one tactical idea: after e4 fxe4,
or g4 fxg4, white wins by Rc6 blow following by Qf4+.} (33. e4 $1 fxe4 34. Rc6
$1 Rxc6 $140 35. Qf4+ {[%cal Gf4f8,Yf8e7]}) (33. g4 $1) 33... Bd5 $4 {[%mdl
8192]} (33... Kg8 $142 $1 {White is still better, but black can hold the
defense.}) {[%tqu "En","White can tactically win the game.","","","d6d7","",10]
} 34. Rd7+ Qxd7 35. Ne5+ Ke8 36. Nxd7 {[%csl Rg7,Rh6] Black loses the queen
and also g7 and h6 pawns- black could resign already here.} Kxd7 37. Qxg7+ $18
Kd6 38. Qxh6 Rg8 39. f3 Ke7 (39... Bxf3 40. Qf4+ $18) 40. Qh7+ Kf8 41. Qh6+ Kf7
42. Qf4 Kf6 43. e4 Bc6 44. Qh6+ Kf7 45. exf5 Bd5 46. fxe6+ Bxe6 47. Qf4+ Ke7
48. Qe5 Kf7 49. Kf2 1-0